The monuments of Senenmut : problems in historical methodology

Αποθηκεύτηκε σε:
Λεπτομέρειες βιβλιογραφικής εγγραφής
Κύριος συγγραφέας: Dorman, Peter 1948-
Μορφή: Βιβλίο
Γλώσσα:English
Δημοσίευση: London; New York : Kegan Paul International, [1988]
Θέματα:
Ετικέτες: Προσθήκη ετικέτας
Δεν υπάρχουν, Καταχωρήστε ετικέτα πρώτοι!

MARC

LEADER 00000nam a2200000 i 4500
001 1/69951
008 080111s1988 eng d
020 |a 0-7103-0317-3 (hbk.) 
035 |l 10093552 
040 |a GR-MY-UA  |b gre  |e aacr 
041 0 |a eng 
082 0 |a 932.014  |2 (22) 
100 1 |a Dorman, Peter  |d 1948- 
245 1 4 |a The monuments of Senenmut :  |b problems in historical methodology /  |c Peter F. Dorman 
260 |a London; New York :   |b Kegan Paul International,   |c [1988] 
300 |a xvi, 247 σ.;  |b φωτ., σχέδια;  |c 24 εκ. 
504 |a Βιβλιογραφία: σ. [223]-238. Ευρετήριο 
600 1 0 |a Senenmut. 
650 0 0 |a Architecture, Ancient  |z Egypt. 
650 0 0 |a Monuments  |z Egypt. 
651 0 |a Egypt  |x Antiquities. 
852 |a INST  |b RHODES  |e 20080111  |h 932.014 DOR  |p 005400030345  |q 005400030345  |t BK  |y 0 
901 |a BIBL4-2008-1 
909 |a Ρ  |b 142452 
922 |a 4ΕΛΗ  |b 200712  |c ΕΠΕΑΕΚ2/ΤΜΣ  |d ΕΛΕΥΘΕΡΟΥΔΑΚΗΣ 
970 |a ΧΑΡΙΟΠΟΛΙΤΟΥ  |b ΚΩΝΣΤΑΝΤΙΝΑ  |z 2008/01/11